MANAGING a successful small scale business

Saved in:
Bibliographic Details
Format: Book
Language:English
Published: : Spectrum Books 2010.
Tags: Add Tag
No Tags, Be the first to tag this record!

MARC

LEADER 00000nam a22000007a 4500
008 201221b ||||| |||| 00| 0 eng d
245 |a MANAGING a successful small scale business  |c Punch Nigeria edited by Ademola Osinubi  |g  xii, 444p.; ill. 
260 |b : Spectrum Books  |c 2010.   |h  Ibadan  |i 691929   |l HD2346 .N6M31  |m Small business – Nigeria – Management 
500 |a “It includes index and references 
942 |a lcc  |c BK  |e Olagoke, M.A  |f 21/12/2020 
952 |0 0  |1 0  |2 lcc  |4 0  |6 HD2346 N6 M31  |7 0  |9 1065  |a HOL  |b HOL  |c GJ  |d 2020-12-21  |l 0  |o HD2346 .N6M31  |p 2020-230281  |r 2020-12-21 00:00:00  |w 2020-12-21  |y BK 
999 |c 549  |d 549